| 000 | 00705nam a22002177a 4500 | ||
|---|---|---|---|
| 999 |
_c21478 _d21478 |
||
| 003 | OSt | ||
| 005 | 20210621101105.0 | ||
| 008 | 170130b xxu||||| |||| 00| 0 eng d | ||
| 020 | _a0802727654 | ||
| 040 |
_aMMU _cMMU _dMMU _beng |
||
| 050 | 0 | 0 |
_aBV600.2 _b.B67 2000 |
| 100 | 1 | _aBrand, Paul W. | |
| 245 | 1 | 0 |
_aFearfully and wonderfully made / _cPaul Brand and Philip Yancey ; illustrated by Charles Shaw. |
| 260 |
_aGrand Rapids, MI : _bZondervan Pub. House, _cc1980. |
||
| 300 |
_a307 p. : _bill. ; _c24 cm. |
||
| 504 | _aBibliography: p. [211]-214. | ||
| 650 | 0 | _aChurch. | |
| 650 | 0 |
_aHuman body _xReligious aspects _xChristianity. |
|
| 700 | 1 |
_aYancey, Philip, _ejoint author. |
|
| 942 |
_2lcc _cLOAN LOAN |
||